logo

Bir Sreshtho Munshi Abdur Rouf Library
Jhenaidah Cadet College

Harry's Cosmeticology / (Record no. 10805)

MARC details
000 -LEADER
fixed length control field 00766nam a2200265 a 4500
001 - CONTROL NUMBER
JCCL Control Number 10805
003 - CONTROL NUMBER IDENTIFIER
JCCL marc code BD-JhCC
005 - DATE AND TIME OF LATEST TRANSACTION
control field 20190407125314.0
008 - FIXED-LENGTH DATA ELEMENTS--GENERAL INFORMATION
fixed length control field 190407r19871994enk 000 0 eng d
020 ## - INTERNATIONAL STANDARD BOOK NUMBER
International Standard Book Number 0582005531
035 ## - SYSTEM CONTROL NUMBER
system control number CURL 018805029297(Cam) from mvsc015
040 ## - CATALOGING SOURCE
Original cataloging agency BD-JhCC
Modifying agency BD-JhCC
041 ## - LANGUAGE CODE
Language code of Book eng
082 ## - DEWEY DECIMAL CLASSIFICATION NUMBER
Classification number 668.55
Author mark and Year HAR 1994
100 1# - MAIN ENTRY--PERSONAL NAME
Personal name Harry, Ralph Gordon,
Dates associated with a name 1908-
245 10 - TITLE STATEMENT
Title Harry's Cosmeticology /
Statement of responsibility, etc Ralph Gordon Harry and Ed. by J. B. Wilkinson, R. J. Moore
250 ## - EDITION STATEMENT
Edition statement 7th ed /
260 ## - PUBLICATION, DISTRIBUTION, ETC. (IMPRINT)
Place of publication, distribution, etc Harlow :
Name of publisher, distributor, etc Longman,
Date of publication, distribution, etc 1994
300 ## - PHYSICAL DESCRIPTION
Pagination [ca 934] p ;
Dimensions 25 cm
650 #0 - SUBJECT ADDED ENTRY--TOPICAL TERM
Topical term or geographic name as entry element Cosmetics
650 #0 - SUBJECT ADDED ENTRY--TOPICAL TERM
Topical term or geographic name as entry element Toilet preparations
700 1# - ADDED ENTRY--PERSONAL NAME
Personal name Moore, R. J.
Fuller form of name (Raymond Jack)
700 1# - ADDED ENTRY--PERSONAL NAME
Personal name Wilkinson, J. B.
Fuller form of name (John Bernard)
942 ## - ADDED ENTRY ELEMENTS (KOHA)
Source of classification or shelving scheme Dewey Decimal Classification
Koha item type Books
Holdings
Source of classification or shelving scheme Damaged status Not for loan Home library Current library Shelving location Date of accession Total Checkouts Full call number Barcode Date last seen Copy number Koha item type
Dewey Decimal Classification     JCC Rouf Library JCC Rouf Library General Stacks 04/07/2018   668.55 HAR 1994 14680 04/07/2019 C-1 Books
Dewey Decimal Classification     JCC Rouf Library JCC Rouf Library General Stacks 04/07/2019   668.55 HAR 1994 14679 04/07/2019 C-2 Books

JCC Library | Contacts | JCC Home

Last Update on 23 September 2017
Copyright @ 2017-2020 JCC Rouf Library
Rouf Library, Jhenidah Cadet College (JCC), Bangladesh